Culture Générale - Série 950 - Statistiques

Statistiques générales
  • Ce quiz a été pris 113 fois
  • Le résultat moyen est 6 sur 10
Statistiques - réponses
Question Réponse % Correct
Quel est le prénom du boxeur incarné, 6 fois au cinéma, par Sylvester Stallone ? Rocky
87%
De quel pays "Advance Australia Fair" est-il l'hymne ? Australie
85%
Dans quel film de 1986 Paul Hogan incarne-t-il un chasseur de crocodiles qui découvre la vie urbaine à New York ? Crocodile Dundee
84%
Quelle ville portuaire de Seine-Maritime, en grande partie détruite en 1944, est inscrite au patrimoine mondial de l'Unesco depuis 2005 ? Le Havre
74%
Quel nom de capitale européenne porte ce petit chou d'environ 3 centimètres de diamètre ? Bruxelles
73%
Quel nom de rapace porte le jeu, dans lequel les participants doivent traverser un terrain, sans se faire toucher par le chasseur ? épervier
53%
Quel écrivain américain est l'auteur des romans : "Carrie" et "Misery" ? Stephen King
48%
Quel voyageur a été surnommé par ses contemporains Messer Milione, à cause des richesses qu'il avait vues en Extrême-Orient ? Marco Polo
41%
Dans quelle ville allemande Gutenberg a-t-il imprimé son premier livre ? Mayence
10%
Dans la série "L'Étalon noir", quel est le nom du cheval fougueux qui forme avec le jeune Alec un duo inséparable ? Black
8%
Aucun quiz correspondant
Distribution des résultats
% des personnes avec chaque résultat
Percentile par nombre de réponses
Votre historique - résultats
Vous n’avez pas pris ce quiz